00541nam a2200181 a 45000010010000000030011000100080041000210350026000620820016000881000021001042450040001252600047001656500010002129420012002229520090002349980020003249990015003440000-9374ELIB.Books110520 1974  a(ELIB.Books)0000-9526 a220.6 bNew aNewport, John P. aWhy Christians fight over the Bible bNashville: Thomas Nelson Publishers c1974 aBible 2ddccBK 00102ddc4070aKBTSbKBTSd2011-05-20l0p7390r2022-01-22 00:00:00w2022-01-22yBK cbate2011-05-20 c9374d9374